Macroeconomía (Registro nro. 4267)
[ vista simple ]
| 000 -LEADER | |
|---|---|
| fixed length control field | 01539 a2200253 4500 |
| 001 - CONTROL NUMBER | |
| control field | 47002 |
| 005 - DATE AND TIME OF LATEST TRANSACTION | |
| control field | 20260407155739.0 |
| 008 - FIXED-LENGTH DATA ELEMENTS--GENERAL INFORMATION | |
| fixed length control field | 260407a1995 arg spa d |
| 003 - CONTROL NUMBER IDENTIFIER | |
| control field | AR-UNSa-BCEJYS |
| 040 ## - CATALOGING SOURCE | |
| Original cataloging agency | AR-UNSa-BCEJYS |
| Language of cataloging | spa |
| Transcribing agency | AR-UNSa-BCEJYS |
| 080 ## - UNIVERSAL DECIMAL CLASSIFICATION NUMBER | |
| Universal Decimal Classification number | 330.101.541 |
| Common auxiliary subdivision | Macroeconomía |
| 020 ## - INTERNATIONAL STANDARD BOOK NUMBER | |
| International Standard Book Number | 950-537-305-8 |
| 041 ## - LANGUAGE CODE | |
| Language code of text/sound track or separate title | spa |
| 100 1# - MAIN ENTRY--PERSONAL NAME | |
| Personal name | Mankiw, N. Gregory |
| 245 10 - TITLE STATEMENT | |
| Title | Macroeconomía |
| 264 #1 - PRODUCTION, PUBLICATION, DISTRIBUTION, MANUFACTURE, AND COPYRIGHT NOTICE | |
| Place of production, publication, distribution, manufacture | Buenos Aires : |
| Name of producer, publisher, distributor, manufacturer | Ediciones Macchi |
| Date of production, publication, distribution, manufacture, or copyright notice | 1995 |
| 300 ## - PHYSICAL DESCRIPTION | |
| Extent | xxxvii, 625 p. |
| Dimensions | 22 cm. |
| 505 ## - FORMATTED CONTENTS NOTE | |
| Formatted contents note | Parte I: Introducción: 1. La ciencia de la macroeconomía - 2. Los datos de la macroeconomía -- Parte II: La economía en el largo plazo: 3. Ingreso nacional: producción, distribución y asignación - 4. Crecimiento económico - 5. Desempleo - 6. Inflación - 7. La economía abierta -- Parte III: La economía en el corto plazo: 8. Introducción a las fluctuaciones económicas - 9. Demanda agregada I - 10. Demanda agregada II - 11.La oferta agregada - 12. El debate sobre la política macroeconómica - 13. La economía abierta en el corto plazo - 14. La teoría de los ciclos económicos reales -- Parte IV: Más cerca de la microeconomía detrás de la macroeconomía: 15. Consumo - 16. Dos aspectos de la deuda pública - 17. Inversión - 18. Oferta y demanda de dinero. |
| 590 ## - LOCAL NOTE (RLIN) | |
| Local note | niveau_biblio:m niveau_hierar:0 |
| 700 1# - ADDED ENTRY--PERSONAL NAME | |
| Personal name | Souto, Graciela S. |
| 700 1# - ADDED ENTRY--PERSONAL NAME | |
| Personal name | Fernández Cendoya, Mariana |
| 856 41 - ELECTRONIC LOCATION AND ACCESS | |
| Uniform Resource Identifier | <a href="https://www.biblioeco.unsa.edu.ar/pmb/images/libros/L127368.jpg">https://www.biblioeco.unsa.edu.ar/pmb/images/libros/L127368.jpg</a> |
| Link text | Imagen de portada |
| Electronic format type | image/jpeg |
| 942 ## - ADDED ENTRY ELEMENTS (KOHA) | |
| Koha item type | |
| Withdrawn status | Lost status | Damaged status | Not for loan | Home library | Current library | Shelving location | Date acquired | Total checkouts | Full call number | Barcode | Date last seen | Price effective from | Koha item type |
|---|---|---|---|---|---|---|---|---|---|---|---|---|---|
| Biblioteca Prof. Eusebio Cleto del Rey | Biblioteca Prof. Eusebio Cleto del Rey | 07/04/2026 | 330.101.541 M266 | L127368 | 07/04/2026 | 07/04/2026 | Libro |